Mistrzowie świata w piłce nożnej. - Statystyki

Ogólne statystyki
  • Ten quiz został rozwiązany 2 538 razy
  • Średni wynik to 20 z 21
Statystyki odpowiedzi
Nr Kraj % Poprawnych
6 Brazylia
99%
7 Brazylia
99%
9 Brazylia
99%
15 Brazylia
99%
17 Brazylia
99%
16 Francja
99%
21 Francja
99%
5 Niemcy
99%
10 Niemcy
99%
14 Niemcy
99%
20 Niemcy
99%
11 Argentyna
97%
13 Argentyna
97%
19 Hiszpania
97%
2 Włochy
94%
3 Włochy
94%
12 Włochy
94%
18 Włochy
94%
1 Urugwaj
90%
4 Urugwaj
90%
8 Anglia
86%
Nie znaleziono quizów pasujących do podanych kryteriów
Rozkład punktacji
Procent ludzi z każdym wynikiem
Percentyl według liczby udzielonych odpowiedzi
Twoja historia wyników
Nie rozwiązałeś tego quizu